Ak iba dobrý nápad nestačí

Možnosti získavania financií na podnikanie. Dôležitosť podnikateľskej histórie pri úvere od banky. Mezanínový kapitál. Finančný lízing.

Enregistré dans:
Détails bibliographiques
Auteur principal: Škriniar, Pavel, 1979-
Format: Chapitre de livre
Langue:slovaque
Sujets:
Tags: Ajouter un tag
Pas de tags, Soyez le premier à ajouter un tag!

MARC

LEADER 00000naa a2200000 4500
001 0177237
005 20240502073023.4
041 0 |a slo 
044 |a SK 
245 1 0 |a Ak iba dobrý nápad nestačí  |c Pavel Škriniar 
520 |a Možnosti získavania financií na podnikanie. Dôležitosť podnikateľskej histórie pri úvere od banky. Mezanínový kapitál. Finančný lízing. 
610 2 0 |a podnikanie 
610 2 0 |a financie 
610 2 0 |a zdroje finančné 
610 2 0 |a úver 
610 2 0 |a lízing finančný 
610 2 0 |a kapitál 
100 1 |a Škriniar, Pavel, 1979-